Network Administration /

Guardado en:
Detalles Bibliográficos
Autor principal: Wisniewski, Steve (autor)
Formato: Libro
Idioma:Inglés
Publicado: Upper Saddle River, EUA : Prentice-Hall, 2001, c2001
Temas:
Etiquetas: Agrega una etiqueta
Sin etiquetas, Sé el primero en etiquetar este registro!

MARC

LEADER 00000nam^a2200000^a^4500
001 000136562
005 20250521000000.0
009 20260310095322.873
020 |a 0-13-015882-8 
037 |a Acervo ITESO - Biblioteca 
041 |a ING 
082 |a 621. 38217  |b WIS 
100 |a Wisniewski, Steve  |e (autor) 
245 1 0 |a Network Administration /  |c S. Wisniewski. 
264 4 |a Upper Saddle River, EUA :  |b Prentice-Hall,  |c 2001, c2001 
300 |a XVII, 606 p. 
336 |a texto  |b txt  |2 rdacontenido 
337 |a sin mediación  |b n  |2 rdamedio 
338 |a volumen  |b nc  |2 rdasoporte 
649 |a XX 
650 |a Protocolos de Comunicación 
650 |a Dirección IP 
650 |a Redes de Area Local -  |x Administración 
650 |a Redes de Computadoras -  |x Administración -  |x Tema Principal 
650 |a Comunicación en Red 
650 |a Tecnologías de Comunicación e Información -  |x Aspectos Tecnológicos 
650 |a Ingeniería Computacional 
910 |a Fondo General 
920 |a Impresos - Libros 
930 |a Colección General 
905 |a 101 
901 |a 0500065286  |b IT1  |c ACC  |u 20250521 
902 |a https://opac.biblio.iteso.mx/vufind/Record/000136562